00232nam a2200097Ia 4500008004100000100001800041245001700059260003200076300000800108650001800116191201s2019 xx 000 0 und d aLIM, Bill P S 0aDare to Fail aN.DelhibHardknocks Factory a339 aGeneral Books